000 00696nam a22002657a 4500
001 BR5100011
003 BR-BrBNA
005 20230928095505.0
007 ta
008 230509b bl.||||| |||| 00| 0 por d
040 _aBR-BrBNA
_bpor
_cBiblioteca Nacional de Agricultura
041 _a(Por)
072 _aE10; E30
_b514
090 _ 514 BR5100011
100 1 _aNunes, O.
245 1 _aIntroducao ao estudo da Amazonia
260 3 _aRio de Janeiro, GB (Brasil):
_bGrafica Laenment,
_c1951.
300 _a203 p.
650 _aDesenvolvimento Economico
650 _aRecurso Natural
650 _aTerra
650 _aAmazonia
909 _a202309
_bLucia
_c55
_dLucia Elande
942 _cBK
999 _c56875
_d56875